حالة السجون فى مصر/ (Record no. 12753)

MARC details
000 -الفاتح
حقل البيانات ثابتة الطول 00854nam a22001457a 4500
008 - عناصر البيانات ثابتة الطول - معلومات عامة
حقل البيانات ثابتة الطول 090906s2000 ua ||||| |||| 00| 0 ara d
082 ## - رقم تصنيف ديوى العشرى
رقم الطبعة 22
رقم التصنيف 365.962
رقم المادة س ج و
245 ## - بيان العنوان
العنوان حالة السجون فى مصر/
بيان المسئوليه,etc اعداد وتحرير ايهاب سلام المحامى؛ جمع المعلومات والبيانات عادل مكى
260 ## - PUBLICATION, DISTRIBUTION, ETC. (IMPRINT)
مكان الناشر او الموزع القاهرة:
اسم الناشر او الموزع مركز حقوق الانسان لمساعدة السجناء،
تاريخ النشر أو التوزيع 2000
300 ## - الوصف المادى
التعداد ؛314 ص
أبعاد الوعاء 18 سم
500 ## - تبصرة عامة
تبصرة عامة العنوان على الغلاف: التقرير السنوى لحالة السجون فى مصر لعام 2000
650 ## - المدخل الاضافى بالموضوع-مصطلح موضوعى
9 (RLIN) 8742
مصطلح موضوعي أو اسم جغرافي كعنصر مدخل السجون
التقسيم الفرعي الجغرافي مصر
942 ## - عناصر المدخل الإضافي( كوها)
مصدر التصنيف او مخطط الترفيف Dewey Decimal Classification
Koha [default] item type Book - Borrowing
Holdings
حالة التراجع حالة الفقد مصدر التصنيف او خطة الترفيف حالة تلف ليس للاعارة مجموعات كوها المكان الدائم المكان الحالي موقع الترفيف تاريخ الاكتساب Source of acquisition رقم الاستدعاء الباركود Date last seen مُعار نوع الوعاء
    Dewey Decimal Classification     Alef-Baa Central Library Central Library First floor 06/09/2009   365.962 حال 000018227 15/07/2025 18/04/2010 Book - Borrowing